000 00321nam a2200109Ia 4500
008 200302s9999 xx 000 0 und d
100 _aRobert W.Messler
245 _aIntegral Mechanical Attachement (Ukp 52.99) A resurgence of the oldest method of joining
260 _bElsevier Inc., USA
260 _c2006
300 _a405
999 _c4723
_d4723